| 000 | 00431nam a22001817a 4500 | ||
|---|---|---|---|
| 003 | MPLRDC | ||
| 005 | 20220104123405.0 | ||
| 008 | 210129b ||||| |||| 00| 0 eng d | ||
| 020 | _a7-80072-971-0 | ||
| 082 | _a312.9165 KZJ | ||
| 100 | _a孔昭君编著 | ||
| 245 |
_a网籍危机 _c |
||
| 250 | _a一版一刷 | ||
| 260 |
_a _b改革出版社 _c1997 |
||
| 300 | _b平 | ||
| 650 | _a广域网路 | ||
| 942 |
_cBK _o312.9165 KZJ |
||
| 999 |
_c11051 _d11041 |
||